| 000 | 00704cam a2200253u 4500 | ||
|---|---|---|---|
| 001 | 28899 | ||
| 003 | BD-RjUL | ||
| 005 | 20211209051339.0 | ||
| 008 | 140401r19601952nyua 001 0 eng d | ||
| 035 | _a(BD-RjUL) 28983 | ||
| 040 |
_aDLC _cCarP _dDLC _dBD-RjUL _beng |
||
| 041 | _aeng | ||
| 082 | 0 | 0 |
_a150 _bGUG 1960 |
| 100 | 1 |
_aGuilford, J. P. _q(Joy Paul), _d1897-1987. _95571 |
|
| 245 | 0 | 0 |
_aGeneral psychology / _c J. P. Guilford |
| 250 | _a2d ed. | ||
| 260 |
_aNew York, _bD. Van Nostrand _c1952 [Reprinted 1960] |
||
| 300 |
_a587 p. : _billus. ; _c24 cm. |
||
| 504 | _aIncludes Index | ||
| 650 | 0 |
_aPsychology. _988354 |
|
| 942 |
_2ddc _cBK |
||
| 999 |
_c28899 _d28899 |
||